000 00653cam a22002053a 4500
001 44476
003 PGUSA
005 20140828084021.0
008 131221s2013||||xxu|||||s|||||000 | eng d
040 _aPGUSA
_beng
042 _adc
100 1 _aStead, W. T.
_q(William Thomas),
_d1849-1912
245 1 0 _aSatan's Invisible World Displayed or, Despairing Democracy :
_bA Study of Greater New York
_h[electronic resource] /
_cW. T. Stead
260 _bProject Gutenberg,
_c2013
506 _aPublic domain in the USA.
516 _aElectronic text
830 0 _aProject Gutenberg
_v44476
856 4 0 _uhttp://www.gutenberg.org/ebooks/44476
942 _cEB
999 _c273727
_d273727